Top 20 najlepszych państw w Baseballu - Statystyki

Ogólne statystyki
  • Ten quiz został rozwiązany 26 razy
  • Średni wynik to 14 z 20
Statystyki odpowiedzi
Miejsce Państwo Punkty % Poprawnych
1 Japonia 6911
100%
5 Stany Zjednoczone 4751
100%
20 Chiny 937
92%
6 Korea Południowa 4539
92%
10 Kuba 3146
88%
4 Meksyk 4769
88%
12 Australia 2542
79%
3 Wenezuela 4877
79%
2 Tajwan 5558
75%
18 Wielka Brytania 1326
75%
11 Dominikana 2800
71%
13 Kolumbia 2457
67%
14 Włochy 2214
67%
8 Panama 3439
63%
17 Niemcy 1399
58%
7 Holandia 3949
50%
9 Portoryko 3375
50%
16 Nikaragua 1854
42%
15 Czechy 2030
38%
19 Izrael 1121
29%
Nie znaleziono quizów pasujących do podanych kryteriów
Rozkład punktacji
Procent ludzi z każdym wynikiem
Percentyl według liczby udzielonych odpowiedzi
Twoja historia wyników
Nie rozwiązałeś tego quizu